000 00647nam a2200217 a 4500
008 980728s1989 m yCZ 0 cze c
040 _aSNK
_bslo
_cSNK
_eAACR2
041 1 _aces
044 _aCZ
080 _a801.323.1=850
080 _a808.50-089.2(038)
245 1 0 _aSlovník spisovného jazyka českého V.
_cza ved. Boh. Havránka ... zprac. kol.
_bR - S
250 _a2. nezm. vyd.
260 _aPraha
_bAcademia
_c1989
300 _a654, [12] s.
_c
650 0 7 _ačeština spisovná
_xslovníky výkladové
_2SNK
650 0 7 _aslovníky výkladové české
_2SNK
700 1 _aHavránek, Bohuslav
_4aut
020 _c89
958 _aA
999 _c17741
_d17741